[Event "Saint Louis op 4th"]
[Site "Saint Louis"]
[Date "2013.11.30"]
[Round "3"]
[White "Losee, Micah"]
[Black "McLaughlin, James F"]
[Result "1-0"]
[WhiteElo "1791"]
[BlackElo "2050"]
[PlyCount "42"]
[EventDate "2013.11.30"]
[EventType "swiss"]
[EventRounds "5"]
[EventCountry "USA"]
[SourceTitle "CBM 157 Extra"]
[Source "ChessBase"]
[SourceDate "2013.12.19"]
[SourceVersion "1"]
[SourceVersionDate "2013.12.19"]
[SourceQuality "1"]

1. d4 Nf6 2. c4 e6 3. Nf3 b6 4. g3 Ba6 5. b3 Bb4+ 6. Bd2 Be7 7. Bg2 c6 8. 0-0 d5 9. Bf4 Nbd7 10. Qc2 Rc8 11. Ne5 0-0 12. Nc3 Bb7 13. e4 c5 14. exd5 exd5 15. Rfd1 cxd4 16. Nb5 Nxe5 17. Bxe5 a6 18. Nxd4 b5 19. Nf5 bxc4 20. bxc4 Rxc4 21. Qxc4 Kh8 1-0